Fr. Conceicao Rodrigues College of Engineering

Datacommunication and networking (Record no. 32001)

MARC details
000 -LEADER
fixed length control field 00373nam a2200169Ia 4500
082 ## - DEWEY DECIMAL CLASSIFICATION NUMBER
Classification number 004.65/FOR
Item number FOR
100 ## - MAIN ENTRY--PERSONAL NAME
Personal name Forouzan/ Behrouz/ A
250 ## - EDITION STATEMENT
Edition statement 4
245 ## - TITLE STATEMENT
Title Datacommunication and networking
260 ## - PUBLICATION, DISTRIBUTION, ETC.
Name of publisher, distributor, etc. McGraw Hill
Date of publication, distribution, etc. 2006
366 ## - TRADE AVAILABILITY INFORMATION
Publishers's discount category 25
300 ## - PHYSICAL DESCRIPTION
Extent 1134
546 ## - LANGUAGE NOTE
Language note ENGLISH
-- Computers
650 ## - SUBJECT ADDED ENTRY--TOPICAL TERM
Topical term or geographic name entry element Datacommunications
942 ## - ADDED ENTRY ELEMENTS (KOHA)
Koha item type BOOK
Holdings
Withdrawn status Lost status Damaged status Not for loan Collection Home library Current library Date acquired Source of acquisition Cost, normal purchase price Inventory number Total Checkouts Full call number Barcode Date last seen Cost, replacement price Price effective from Koha item type Date last checked out
        CRC Fr. Agnel's C.Rodrigues College of Engineering AGNEL TECHNICAL COLLEGE LIBRARY 17/03/2023 Book Base 374.25 11762 dt 07/08/2012 1 004.65/FOR FOR 22124 14/05/2025 499.00   BOOK 23/04/2025
        CRC Fr. Agnel's C.Rodrigues College of Engineering AGNEL TECHNICAL COLLEGE LIBRARY 17/03/2023 Book Base 374.25 11762 dt 07/08/2012 1 004.65/FOR FOR 22125 18/10/2023 499.00   BOOK 08/09/2023
        CRC Fr. Agnel's C.Rodrigues College of Engineering Fr. Agnel's C.Rodrigues College of Engineering 17/03/2023 Book Base 374.25 11762 dt 07/08/2012   004.65/FOR FOR 22121 17/03/2023 499.00   BOOK  
        CRC Fr. Agnel's C.Rodrigues College of Engineering Fr. Agnel's C.Rodrigues College of Engineering 17/03/2023 Book Base 374.25 11762 dt 07/08/2012 1 004.65/FOR FOR 22122 23/04/2025 499.00   BOOK 06/08/2024
        CRC Fr. Agnel's C.Rodrigues College of Engineering Fr. Agnel's C.Rodrigues College of Engineering 17/03/2023 Book Base 374.25 11762 dt 07/08/2012   004.65/FOR FOR 22123 17/03/2023 499.00   BOOK